000 00575nam a2200181Ia 4500
003 GCL
008 140319s9999 xx 000 0 ara d
040 _aGCL /
_cGCL
082 0 4 _a338.9
_bم م
100 1 _aمحمد اسعد راجح
245 1 0 _aمراحل التطور الفنى فى وسائل العمل /
_cمحمد اسعد راجح
300 _a40 ص
490 _aالمكتبة العمالية
_v0
650 0 4 _aالنقابات العمالية
650 0 4 _aعلم النفس الصناعى
650 0 4 _aالانتاج الصناعى
942 _2ddc
_cBK
999 _c38238
_d38238